000 00443cam a22000977a 4500
008 180718b1960 xxu||||| |||| 00| 0 eng d
082 _aN4x42 Un3rcm/8
245 _aRoyal commission on the police: minutes of evidence 8 eighth day, Monday, 20th June, 1960 (witnesses: association of municipal corporations)
_cby Her Majesty's Stationery Office
260 _aLondon
_bHer Majesty's Stationery Office
_c1960
700 _aHer Majesty's Stationery Office
999 _c411151
_d411151